000 00625nam a2200205 i 4500
001 85792
003 ES-MaACL
005 20230906175318.0
007 t|
008 041201s1971 sp |||| | spa d
080 _a860-992"19"
100 1 _aJuan Franco, Antonino de.
_9174977
245 1 0 _aVacaciones en invierno :
_bveinte días de febrero en la Costa del Sol /
_cAntonino de Juan.
260 _a[Madrid :
_bs.n.,
_c1971] (
_fImp. Europa)
300 _a157 p. ;
_c19 cm.
651 4 _aCosta del Sol-
_xDescripción.
_9168712
852 4 _aES-MaACL
_jC-40189
852 4 _aES-MaACL
_jE-5026
852 4 _aES-MaACL
_jC-40236
999 _c85792
_d85792